000 00551nam a22002057a 4500
003 FEu
005 20140310183038.0
008 130221t xxu||||| |||| 00| 0 eng d
020 _a9-71086829-2
050 _aGV205
_b.T917 2009
082 _aFIL 613.7
_bT917 2009
245 _aPhysical education 3
_bfor college
_cTulio, Doris D.
260 _aMandaluyong City
_bNational Book Store
_cc2008
300 _a155 p.
_c25.2 cm.
521 _acollege students
526 _c1210L-1700L
541 _j1
562 _e3
942 _2lcc
_cBK
_kFIL
999 _c18505
_d18505